Datamation For Corporate Computing Professionals Worldwide
Gespeichert in:
| Format: | Schriftenreihe |
|---|---|
| Sprache: | Englisch |
| Veröffentlicht: |
Newton
Wisner
1993
|
| Schlagworte: | |
| Tags: |
Keine Tags, Fügen Sie das erste Tag hinzu!
|
MARC
| LEADER | 00000nas2a2200000 4500 | ||
|---|---|---|---|
| 001 | s013610 | ||
| 005 | 20240109095413.6 | ||
| 041 | 0 | |a eng | |
| 044 | |a US | ||
| 245 | 1 | 0 | |a Datamation |b For Corporate Computing Professionals Worldwide |
| 264 | 1 | |a Newton |b Wisner |c 1993 | |
| 300 | |a 3 zv. | ||
| 773 | 0 | |w eu_un_cat*s120621 | |
| 610 | 2 | 0 | |a systémy počítačové |
| 610 | 2 | 0 | |a technológie komunikačné |
| 610 | 2 | 0 | |a spracovanie dát |